Where Women Are Leaders (Record no. 13042)

MARC details
000 -LEADER
fixed length control field 00616nam a2200241 a 4500
020 ## - INTERNATIONAL STANDARD BOOK NUMBER
ISBN 8170367
082 00 - DEWEY DECIMAL CLASSIFICATION NUMBER
Classification number 305.4
Author Cutter ROS
100 ## - MAIN ENTRY--AUTHOR NAME
Author name Rose, Kalim
245 ## - TITLE STATEMENT
Title Where Women Are Leaders
260 ## - PUBLICATION, DISTRIBUTION, ETC. (IMPRINT)
Place of publication New Delhi
Name of publisher Sage Publications
Year of publication 1992
300 ## - PHYSICAL DESCRIPTION
Number of Pages 286p
500 ## - GENERAL NOTE
General note includes index and biblioraphy
505 2# - FORMATTED CONTENTS NOTE
Formatted contents note Appendix, Bibliography, Index
650 ## - SUBJECT ADDED ENTRY--TOPICAL TERM
Topical Term Women-India-Self Employment
942 ## - ADDED ENTRY ELEMENTS (KOHA)
Koha item type Books
700 1# -
-- Rose, Kalim
Holdings
Collection code Home library Current library Date acquired Cost, normal purchase price Full call number Accession Number Koha item type
  Henry Martyn Institute Library Henry Martyn Institute Library 08/01/2007 275.00 305.4 ROS 016107 Books
                   Copyright © 2026 | Henry Martyn Institute | Hyderabad | TS-500052 | INDIA | Implemented by hmi.edu.in
Hit-Count:

Powered by Koha